000 00741nmm a2200229Ia 4500
008 251105s9999||||xx |||||||||||||||||und||
020 _a9788477371786
041 _aspa
100 _aNeila Hernández, José Luis
245 0 _aContemporánea: [Los siglos XIX y XX]
264 _a[Madrid, España] :
_bSílex Ediciones,
_c2008
300 _a416 páginas
490 _aHistoria de España
650 _aHistory of Europe: Spain
700 _aNeila Hernández, José Luis
700 1 _a Martínez Lillo, Pedro A.
700 1 _a Dónezar Díez de Ulzurrum, Javier
700 1 _a Soto Carmona, Álvaro
700 1 _a de Santa Olalla Saludes, Pablo Martín
856 _uhttps://public.digitaliapublishing.com/a/1272
942 _cCF
999 _c69311
_d69311